| 000 | 00897cab a2200229 4500 | ||
|---|---|---|---|
| 001 | ABS48251 | ||
| 008 | 090401t xxu||||| |||| 00| 0 eng d | ||
| 035 | _a(Sirsi) u65711 | ||
| 041 | _aeng | ||
| 100 | _aSmith, Peter F. | ||
| 245 | _aTwo-way process | ||
| 260 | _c13(2) Winter 1992/1993, 116-123(4) | ||
| 350 | _a0 | ||
| 490 |
_aRent Review & Lease Renewal _v13(2) Winter 1992/1993, 116-123(4) |
||
| 520 | _aDiscusses to what extent it is permissible for the court not only to include a rent review clause but to provide for a rent review upwards and downwards even though the landlord may object to this action under Landlord and Tenant Act 1954 s34(1). Examines case law. References. | ||
| 650 | _aDOWNWARDS RENT REVIEWS | ||
| 650 | _aLANDLORD AND TENANT ACT 1954 S34(1) | ||
| 650 | _aRENT REVIEWS | ||
| 690 | _aLANDLORD AND TENANT-RENT REVIEWS | ||
| 942 | _n0 | ||
| 948 | _c04/03/1997 | ||
| 999 |
_c41008 _d41008 |
||